Trenerzy Primera División 2019/20 - Statystyki

Ogólne statystyki
  • Ten quiz został rozwiązany 97 razy
  • Średni wynik to 5 z 20
Statystyki odpowiedzi
Klub Trener % Poprawnych
Real Madryt Zinédine Zidane
99%
FC Barcelona Ernesto Valverde
93%
Atlético Madryt Diego Simeone
92%
Sevilla FC Julen Lopetegui
42%
Getafe CF José Bordalás
28%
Real Betis Rubi
20%
Deportivo Alavés Asier Garitano
19%
Athletic Bilbao Gaizka Garitano
19%
SD Eibar José Luis Mendilibar
12%
CD Leganés Mauricio Pellegrino
11%
Granada CF Diego Martínez
9%
Real Sociedad Imanol Alguacil
8%
RCD Espanyol David Gallego
7%
Levante UD Paco López
7%
Villarreal CF Javier Calleja
6%
Real Valladolid Sergio González
6%
Celta Vigo Fran Escribá
5%
Valencia CF Marcelino García Toral
5%
RCD Mallorca Vicente Moreno
5%
CA Osasuna Jagoba Arrasate
4%
Nie znaleziono quizów pasujących do podanych kryteriów
Rozkład punktacji
Procent ludzi z każdym wynikiem
Percentyl według liczby udzielonych odpowiedzi
Twoja historia wyników
Nie rozwiązałeś tego quizu